Mastering AI and cloud robotics: Art of building intelligent cloud-based robots (Record no. 396946)

MARC details
000 -LEADER
fixed length control field 00543 a2200193 4500
005 - DATE & TIME
control field 20260406113525.0
008 - FIXED-LENGTH DATA ELEMENTS--GENERAL INFORMATION
fixed length control field 260403b |||||||| |||| 00| 0 eng d
020 ## - ISBN
International Standard Book Number 9789365897050
Price Rs. 999.00
040 ## - CATALOGING SOURCE
Original cataloging agency VIVEKANANDA LIBRARY
082 ## - DDC NUMBER
Classification number 629.892
Book Number A47M
100 ## - MAIN ENTRY--PERSONAL NAME
Personal name Akhtar, Shakil
245 ## - TITLE STATEMENT
Title Mastering AI and cloud robotics: Art of building intelligent cloud-based robots
260 ## - PUBLICATION, DISTRIBUTION, ETC. (IMPRINT)
Name of publisher, distributor, etc BPB Publications
Date of publication, distribution, etc 2025
Place of publication, distribution, etc New Delhi
300 ## - PHYSICAL DESCRIPTION
Pages xxiv, 336
650 ## - Subject
Subject Engineering
650 ## - Subject
Subject Robotics
650 ## - Subject
Subject Inteeligent Robots
942 ## - ADDED ENTRY ELEMENTS (KOHA)
Koha item type Books
Holdings
Withdrawn status Lost status Source of classification or shelving scheme Damaged status Not for loan Location (home branch) Sublocation or collection (holding branch) Shelving location Date acquired Koha issues (times borrowed) Koha full call number Accession No. Koha date last seen Koha item type
    Dewey Decimal Classification     VIVEKANANDA LIBRARY VIVEKANANDA LIBRARY IMSAR Library 18/03/2026   629.892 A47M 420951 18/03/2026 Books
    Dewey Decimal Classification     VIVEKANANDA LIBRARY VIVEKANANDA LIBRARY IMSAR Library 18/03/2026   629.892 A47M 420950 18/03/2026 Books
    Dewey Decimal Classification     VIVEKANANDA LIBRARY VIVEKANANDA LIBRARY IMSAR Library 18/03/2026   629.892 A47M 420952 18/03/2026 Books
© Designed and Maintained by Vivekananda Library, MDU Rohtak